Statistics for Countries Closest to Qatar - 30 Second Sprint

Click here to take the quiz!

General Stats

  • This quiz has been taken 19 times
  • The average score is 11 of 20

Answer Stats

km country miles % Correct
0Saudi Arabia0
100%
420Oman261
100%
31United Arab
Emirates
20
87%
187Iran116
87%
379Kuwait236
87%
493Iraq306
87%
618Yemen384
87%
1371Jordan852
87%
1Bahrain1
73%
1340Syria833
73%
1620Israel1007
67%
1370Turkey852
60%
1005Pakistan625
47%
1020Afghanistan634
27%
1426Turkmenistan886
13%
1460Sudan907
13%
1378Somalia856
7%
1382Azerbaijan859
7%
1473Eritrea915
7%
1555Djibouti967
7%

Score Distribution

Percentile by Number Answered

Percent of People with Each Score

Your Score History

You have not taken this quiz